Contrato médico y consentimiento informado /

Guardado en:
Bibliografiske detaljer
Andre forfattere: Castaño Restrepo, Patricia (autor) (autor)
Format: Bog
Sprog:spansk
Udgivet: Buenos Aires, Argentina : Editorial Universidad, 2001, c2001
Fag:
Tags: Tilføj Tag
Ingen Tags, Vær først til at tagge denne postø!

MARC

LEADER 00000nam^a2200000^a^4500
001 000157223
005 20250521000000.0
009 20260310100531.982
020 |a 950-679-300-X 
037 |a Acervo ITESO - Biblioteca 
041 |a ESP 
082 |a 344. 82041  |b CON 
245 0 0 |a Contrato médico y consentimiento informado /  |c P. Castaño Restrepo... [et al.]. 
264 4 |a Buenos Aires, Argentina :  |b Editorial Universidad,  |c 2001, c2001 
300 |a 126 p. 
336 |a texto  |b txt  |2 rdacontenido 
337 |a sin mediación  |b n  |2 rdamedio 
338 |a volumen  |b nc  |2 rdasoporte 
649 |a XX 
650 |a Relación Médico-Paciente -  |z Argentina -  |x Aspectos Jurídicos 
650 |a Consentimiento (Derecho) -  |z Argentina 
650 |a Secreto Profesional -  |z Argentina -  |x Aspectos Jurídicos 
650 |a Protección del Consumidor -  |z Argentina 
650 |a Contratos -  |z Argentina 
650 |a Medicina -  |z Argentina -  |x Aspectos Jurídicos 
650 |a Ciencias Médicas -  |z Argentina -  |x Aspectos Jurídicos 
650 |a Derecho Mercantil -  |z Argentina 
650 |a Derecho a la Información -  |z Argentina 
650 |a Derecho a la Salud -  |z Argentina 
650 |a Derecho de las Personas -  |z Argentina 
700 |a Castaño Restrepo, Patricia  |e (autor) 
910 |a Fondo General 
920 |a Impresos - Libros 
930 |a Colección General 
905 |a 101 
901 |a 0500085450  |b IT1  |c ACC  |u 20250521 
902 |a https://opac.biblio.iteso.mx/vufind/Record/000157223